Interpreter of maladies : stories /

Bibliographic Details
Main Author: Lahiri, Jhumpa
Format: Book
Language:English
Published: Boston : New Delhi : Houghton Mifflin, ; Harper Collins 1999 [Sixth impression 2000].
Subjects:
Classic Catalogue: View this record in Classic Catalogue
LEADER 06922nam a2200637 a 4500
001 1200918
003 BD-DhAAL
008 090722s1999 mau 000 1 eng d
010 |a  98050895  
020 |a 0002259001 
020 |a 039592720X 
040 |a DLC  |c DLC  |d DLC  |d BD-DhAAL 
082 0 0 |a 813.54  |2 21 
100 1 |a Lahiri, Jhumpa.  |9 5687 
245 1 0 |a Interpreter of maladies :  |b stories /  |c Jhumpa Lahiri. 
260 |a Boston :  |b Houghton Mifflin, ;  |a New Delhi :  |b Harper Collins  |c 1999 [Sixth impression 2000]. 
300 |a 198 pages ;  |c 21 cm. 
500 |a "A Mariner original." 
500 |a winner of the pulitzer prize for fiction 2000 
541 1 |a Donated by Farhana Zahir, Assistant Professor, BRAC Business School, BRAC University  |e 00010701, 44612 
600 |a Lahiri, Jhumpa,  |t Interpreter of maladies.  |9 59118 
650 0 |a East Indian Americans  |x Fiction.  |9 59119 
650 0 |a Assimilation (Sociology) in literature.  |9 59120 
650 0 |a Emigration and immigration in literature.  |9 59121 
852 4 |a Ayesha Abed Library  |j General shelf. 
942 0 0 |0 1  |2 ddc  |c BK 
999 |c 2707  |d 2707 
952 |0 0  |1 0  |2 ddc  |4 1  |6 813_000000000000000__54_LAH_1999  |7 0  |9 2486  |a BRACUL  |b BRACUL  |c SPS  |d 2009-07-22  |g 60.00  |l 3  |m 2  |o 813.54 LAH  |p 3010010701  |r 2017-03-06  |s 2017-02-20  |t 1  |w 2009-07-22  |y BK 
952 |0 0  |1 0  |2 ddc  |4 1  |6 813_540000000000000_LAH  |7 0  |9 12408  |a BRACUL  |b BRACUL  |c SPS  |d 2010-10-12  |g 181.00  |l 3  |m 4  |o 813.54 LAH  |p 3010012613  |r 2018-04-03  |s 2018-02-11  |t 2  |w 2010-10-12  |y BK  |x RS-150 
952 |0 0  |1 0  |2 ddc  |4 1  |6 813_540000000000000_LAH  |7 0  |9 14243  |a BRACUL  |b BRACUL  |c SPS  |d 2011-01-29  |g 181.00  |l 0  |o 813.54 LAH  |p 3010012612  |r 2011-01-29  |t 3  |w 2011-01-29  |y BK  |x RS-150 
952 |0 0  |1 0  |2 ddc  |4 1  |6 813_540000000000000_LAH  |7 0  |9 14244  |a BRACUL  |b BRACUL  |c SPS  |d 2011-01-29  |g 70.00  |l 0  |o 813.54 LAH  |p 3010012071  |r 2011-01-29  |t 4  |w 2011-01-29  |y BK 
952 |0 0  |1 0  |2 ddc  |4 1  |6 813_000000000000000__54_LAH_1999  |7 0  |9 14245  |a BRACUL  |b BRACUL  |c SPS  |d 2011-01-29  |l 0  |o 813.54 LAH  |p 3010010702  |r 2011-01-29  |t 5  |w 2011-01-29  |y BK 
952 |0 0  |1 0  |2 ddc  |4 0  |6 813_540000000000000_LAH_1999  |7 0  |9 14251  |a BRACUL  |b BRACUL  |c GEN  |d 2011-01-29  |l 4  |m 4  |o 813.54 LAH  |p 3010010700  |r 2025-11-04  |s 2025-11-01  |t 6  |w 2011-01-29  |y BK 
952 |0 0  |1 0  |2 ddc  |4 1  |6 813_000000000000000__54_LAH_1999  |7 0  |9 16291  |a BRACUL  |b BRACUL  |c SPS  |d 2011-05-05  |l 0  |o 813.54 LAH  |p 3010010698  |r 2011-05-05  |t 7  |w 2011-05-05  |y BK 
952 |0 0  |1 0  |2 ddc  |4 0  |6 813_540000000000000_LAH  |7 0  |9 16747  |a BRACUL  |b BRACUL  |c GEN  |d 2011-05-25  |e karim International  |g 538.00  |l 3  |o 813.54 LAH  |p 3010022721  |r 2025-06-16  |s 2025-05-27  |t 19  |w 2011-05-25  |y BK 
952 |0 0  |1 0  |2 ddc  |4 0  |6 813_540000000000000_LAH  |7 0  |9 16748  |a BRACUL  |b BRACUL  |c GEN  |d 2011-05-25  |e karim International  |g 538.00  |l 2  |m 36  |o 813.54 LAH  |p 3010022722  |r 2017-07-21  |s 2017-05-04  |t 20  |w 2011-05-25  |y BK 
952 |0 0  |1 0  |2 ddc  |4 0  |6 813_540000000000000_LAH  |7 0  |9 16749  |a BRACUL  |b BRACUL  |c GEN  |d 2011-05-25  |e karim International  |g 538.00  |l 10  |m 64  |o 813.54 LAH  |p 3010022715  |r 2025-09-07  |s 2025-09-02  |t 13  |w 2011-05-25  |y BK 
952 |0 0  |1 0  |2 ddc  |4 0  |6 813_540000000000000_LAH  |7 0  |9 16750  |a BRACUL  |b BRACUL  |c GEN  |d 2011-05-25  |e karim International  |g 538.00  |l 3  |m 2  |o 813.54 LAH  |p 3010022717  |r 2026-02-24  |s 2026-02-22  |t 15  |w 2011-05-25  |y BK 
952 |0 0  |1 0  |2 ddc  |4 0  |6 813_540000000000000_LAH  |7 0  |9 16751  |a BRACUL  |b BRACUL  |c GEN  |d 2011-05-25  |e karim International  |g 538.00  |l 4  |m 19  |o 813.54 LAH  |p 3010022729  |r 2024-11-12  |s 2024-10-05  |t 27  |w 2011-05-25  |y BK 
952 |0 0  |1 0  |2 ddc  |4 0  |6 813_540000000000000_LAH  |7 0  |9 16752  |a BRACUL  |b BRACUL  |c GEN  |d 2011-05-25  |e karim International  |g 538.00  |l 7  |m 51  |o 813.54 LAH  |p 3010022712  |r 2025-10-09  |s 2025-08-20  |t 10  |w 2011-05-25  |y BK 
952 |0 0  |1 0  |2 ddc  |4 0  |6 813_540000000000000_LAH  |7 0  |9 16753  |a BRACUL  |b BRACUL  |c GEN  |d 2011-05-25  |e karim International  |g 538.00  |l 6  |m 108  |o 813.54 LAH  |p 3010022713  |r 2024-02-18  |s 2024-02-17  |t 11  |w 2011-05-25  |y BK 
952 |0 0  |1 0  |2 ddc  |4 0  |6 813_540000000000000_LAH  |7 0  |9 16754  |a BRACUL  |b BRACUL  |c GEN  |d 2011-05-25  |e karim International  |g 538.00  |l 3  |m 7  |o 813.54 LAH  |p 3010022710  |r 2025-05-22  |s 2025-05-06  |t 8  |w 2011-05-25  |y BK 
952 |0 0  |1 0  |2 ddc  |4 0  |6 813_540000000000000_LAH  |7 0  |9 16770  |a BRACUL  |b BRACUL  |c GEN  |d 2011-05-26  |e karim International  |g 538.00  |l 4  |m 15  |o 813.54 LAH  |p 3010022714  |r 2022-09-25  |s 2022-08-25  |t 12  |w 2011-05-26  |y BK 
952 |0 0  |1 0  |2 ddc  |4 0  |6 813_540000000000000_LAH  |7 0  |9 16771  |a BRACUL  |b BRACUL  |c GEN  |d 2011-05-26  |e karim International  |g 538.00  |l 2  |m 7  |o 813.54 LAH  |p 3010022716  |r 2019-08-07  |s 2019-06-20  |t 14  |w 2011-05-26  |y BK 
952 |0 0  |1 0  |2 ddc  |4 0  |6 813_540000000000000_LAH  |7 0  |9 16772  |a BRACUL  |b BRACUL  |c GEN  |d 2011-05-26  |e karim International  |g 538.00  |l 6  |m 42  |o 813.54 LAH  |p 3010022711  |r 2024-03-04  |s 2024-02-27  |t 9  |w 2011-05-26  |y BK 
952 |0 0  |1 0  |2 ddc  |4 0  |6 813_540000000000000_LAH  |7 0  |9 16773  |a BRACUL  |b BRACUL  |c GEN  |d 2011-05-26  |e karim International  |g 538.00  |l 9  |m 60  |o 813.54 LAH  |p 3010022718  |r 2024-10-27  |s 2024-10-03  |t 16  |w 2011-05-26  |y BK 
952 |0 0  |1 0  |2 ddc  |4 0  |6 813_540000000000000_LAH  |7 0  |9 16774  |a BRACUL  |b BRACUL  |c GEN  |d 2011-05-26  |e karim International  |g 538.00  |l 3  |m 31  |o 813.54 LAH  |p 3010022720  |q 2020-04-27  |r 2016-08-31  |s 2016-08-31  |t 18  |w 2011-05-26  |y BK 
952 |0 0  |1 0  |2 ddc  |4 0  |6 813_540000000000000_LAH  |7 0  |9 16775  |a BRACUL  |b BRACUL  |c GEN  |d 2011-05-26  |e karim International  |g 538.00  |l 6  |m 44  |o 813.54 LAH  |p 3010022727  |r 2026-04-23  |s 2026-04-16  |t 25  |w 2011-05-26  |y BK 
952 |0 0  |1 0  |2 ddc  |4 0  |6 813_540000000000000_LAH  |7 0  |9 16776  |a BRACUL  |b BRACUL  |c GEN  |d 2011-05-26  |e karim International  |g 538.00  |l 9  |m 39  |o 813.54 LAH  |p 3010022728  |r 2026-03-29  |s 2026-02-24  |t 26  |w 2011-05-26  |y BK 
952 |0 0  |1 0  |2 ddc  |4 0  |6 813_540000000000000_LAH  |7 0  |9 16777  |a BRACUL  |b BRACUL  |c GEN  |d 2011-05-26  |e karim International  |g 538.00  |l 3  |m 33  |o 813.54 LAH  |p 3010022723  |r 2025-01-23  |s 2024-07-10  |t 21  |w 2011-05-26  |y BK 
952 |0 0  |1 0  |2 ddc  |4 0  |6 813_540000000000000_LAH  |7 0  |9 16778  |a BRACUL  |b BRACUL  |c GEN  |d 2011-05-26  |e Karim International  |g 538.00  |l 9  |m 31  |o 813.54 LAH  |p 3010022724  |r 2025-08-10  |s 2025-07-20  |t 22  |w 2011-05-26  |y BK 
952 |0 0  |1 0  |2 ddc  |4 0  |6 813_540000000000000_LAH  |7 0  |9 16779  |a BRACUL  |b BRACUL  |c GEN  |d 2011-05-26  |e karim International  |g 538.00  |l 5  |m 30  |o 813.54 LAH  |p 3010022725  |r 2022-06-05  |s 2022-05-31  |t 23  |w 2011-05-26  |y BK 
952 |0 0  |1 0  |2 ddc  |4 0  |6 813_000000000000000__54_LAH  |7 0  |9 16780  |a BRACUL  |b BRACUL  |c GEN  |d 2011-05-26  |e karim International  |g 538.00  |l 5  |m 40  |o 813.54 LAH  |p 3010022719  |r 2020-03-01  |s 2020-02-12  |t 17  |w 2011-05-26  |y BK 
952 |0 0  |1 0  |2 ddc  |4 0  |6 813_540000000000000_LAH  |7 0  |9 16910  |a BRACUL  |b BRACUL  |c GEN  |d 2011-05-31  |e Karim International  |g 538.00  |l 3  |m 10  |o 813.54 LAH  |p 3010022726  |r 2014-12-10  |s 2014-09-30  |t 24  |w 2011-05-31  |y BK 
952 |0 0  |1 0  |2 ddc  |4 0  |6 813_540000000000000_LAH  |7 0  |9 43856  |a BRACUL  |b BRACUL  |c GEN  |d 2014-10-18  |e Friends Book Corner  |g 60.00  |l 1  |m 4  |o 813.54 LAH  |p 3010028472  |r 2025-04-13  |s 2025-03-04  |t 28  |w 2014-10-18  |y BK  |x Transferred from BIL to BRACUL on 06/06/22 
952 |0 0  |1 0  |2 ddc  |4 0  |6 813_540000000000000_LAH  |7 0  |9 78028  |a BRACUL  |b BRACUL  |c NEW  |d 2025-08-19  |e Donated by Farhana Zahir, Assistant Professor, BRAC Business School, BRAC University  |l 2  |m 7  |o 813.54 LAH  |p 3010044612  |r 2025-12-30  |s 2025-11-12  |t 29  |w 2025-08-19  |y BK  |x Donated by Farhana Zahir, Assistant Professor, BRAC Business School, BRAC University. Rs. 150